La distribución de los seres vivos y la historia de la tierra (Registro nro. 4604)
[ vista simple ]
| 000 -CABECERA | |
|---|---|
| Longitud fija campo de control | 00949nam a2200289 i 4500 |
| 005 - • FECHA Y HORA DE LA ÚLTIMA TRANSACCIÓN | |
| Fecha y hora de la última transacción | 20220317000629.0 |
| 008 - • CÓDIGOS DE INFORMACIÓN DE LONGITUD FIJA | |
| Códigos de información de longitud fija | 160601s2003 mx ab gs 000 0 spa d |
| 020 ## - • NÚMERO INTERNACIONAL NORMALIZADO PARA LIBROS | |
| Número Internacional Normalizado para Libros (ISBN) | 9681666135 |
| 040 ## - FUENTE DE LA CATALOGACIÓN | |
| Centro catalogador de origen | CO-BoRNBP |
| Lengua de catalogación | spa |
| Centro transcriptor | CO-BoRNBP |
| Normas de descripción | rda |
| 041 0# - • CÓDIGO DE LENGUA | |
| Código de lengua del texto/banda sonora o título independiente | spa |
| 082 04 - • NÚMERO DE LA CLASIFICACIÓN DECIMAL DEWEY | |
| Número de clasificación (R) | 578.09 |
| Número del ítem | L46d |
| 100 1# - • PUNTO DE ACCESO PRINCIPAL-NOMBRE DE PERSONA | |
| Nombre de persona | Llorente, Jorge |
| Término indicativo de función | autor |
| 245 10 - • TITULO PROPIAMENTE DICHO | |
| Título | La distribución de los seres vivos y la historia de la tierra |
| Mención de responsabilidad, etc. | Jorge Llorente, Nelson Papavero y Marcelo G. Simoes |
| 250 ## - • MENCIÓN DE EDICIÓN | |
| Mención de edición | Segunda edición |
| 264 #1 - PRODUCCIÓN, PUBLICACIÓN , DISTRIBUCIÓN, FABRICACIÓN Y COPYRIGHT | |
| Lugar de producción, publicación, distribución, fabricación | México |
| Nombre del productor, editor, distribuidor, fabricante | Fondo de Cultura Económica |
| Fecha de de producción, publicación, distribución, fabricación o copyright | 2003 |
| 300 ## - • DESCRIPCIÓN FÍSICA | |
| Extensión | 121 páginas |
| Otras características físicas | ilustraciones, mapas |
| Dimensiones | 21 cm |
| 336 ## - TIPO DE CONTENIDO | |
| Término de tipo de contenido | texto |
| Código de tipo de contenido | txt |
| Fuente | rdacontent |
| 337 ## - TIPO DE MEDIO | |
| Nombre del tipo de medio | sin mediación |
| Código del tipo de medio | n |
| Fuente | rdamedia |
| 338 ## - TIPO DE SOPORTE | |
| Nombre del tipo de soporte | volumen |
| Código del tipo de soporte | nc |
| Fuente | rdacarrier |
| 650 14 - • PUNTO DE ACCESO ADICIONAL DE MATERIA - TÉRMINO DE MATERIA | |
| Término de materia o nombre geográfico como elemento inicial | Geología |
| Fuente del encabezamiento o término | LEMB |
| 650 14 - • PUNTO DE ACCESO ADICIONAL DE MATERIA - TÉRMINO DE MATERIA | |
| Término de materia o nombre geográfico como elemento inicial | Evolución |
| Fuente del encabezamiento o término | LEMB |
| 650 14 - • PUNTO DE ACCESO ADICIONAL DE MATERIA - TÉRMINO DE MATERIA | |
| Término de materia o nombre geográfico como elemento inicial | Biogeografía |
| Fuente del encabezamiento o término | LEMB |
| 650 14 - • PUNTO DE ACCESO ADICIONAL DE MATERIA - TÉRMINO DE MATERIA | |
| Término de materia o nombre geográfico como elemento inicial | Paleontología |
| Fuente del encabezamiento o término | LEMB |
| 650 14 - • PUNTO DE ACCESO ADICIONAL DE MATERIA - TÉRMINO DE MATERIA | |
| Término de materia o nombre geográfico como elemento inicial | Tectónicas de placas |
| Fuente del encabezamiento o término | LEMB |
| 700 1# - • PUNTO DE ACCESO ADICIONAL - NOMBRE DE PERSONA | |
| Nombre de persona | Papavero, Nelson |
| 942 ## - ENTRADA DE ELEMENTOS AGREGADOS (KOHA) | |
| Fuente de clasificaión o esquema | Dewey Decimal Classification |
| Koha [por defecto] tipo de item | LIbro |
| Perdido | Fuente de clasificación o esquema | Estado Físico | No para préstamo | Forma de adquisición | Localización permanente | Localización actual | Localización en estanterías | Fecha adquisición | Préstamos totales | Signatura completa | Código de barras | Fecha última consulta | Número de copia | Fecha del precio de reemplazo | Tipo de item de Koha |
|---|---|---|---|---|---|---|---|---|---|---|---|---|---|---|---|
| Dewey Decimal Classification | Colección General | Biblioteca Pública Cubarral | Biblioteca Pública Cubarral | General | 08/10/2023 | 578.09 L46d | CUB02669 | 08/10/2023 | Ej.1 | 08/10/2023 | LIbro | ||||
| Dewey Decimal Classification | Colección General | Biblioteca Pública Cumaral - Alvaro Garzon Torres | Biblioteca Pública Cumaral - Alvaro Garzon Torres | General | 06/13/2024 | 578.09L46d | CUM00463 | 06/13/2024 | Ej.1 | 06/13/2024 | LIbro | ||||
| Dewey Decimal Classification | Colección General | Biblioteca Pública Dorado | Biblioteca Pública Dorado | General | 12/28/2022 | 578.09 L46d | DOR00507 | 12/28/2022 | Ej.1 | 12/28/2022 | LIbro | ||||
| Dewey Decimal Classification | Colección General | Biblioteca Pública José Eustasio Rivera - San Martin | Biblioteca Pública José Eustasio Rivera - San Martin | General | 10/20/2023 | 578.09 L46d | SM0002789 | 10/20/2023 | Ej.1 | 10/20/2023 | LIbro | ||||
| Dewey Decimal Classification | Colección General | Biblioteca Pública Lejanias | Biblioteca Pública Lejanias | General | 10/29/2025 | 578.09 L46d | LEJ01285 | 10/29/2025 | Ej.1 | 10/29/2025 | LIbro | ||||
| Dewey Decimal Classification | Colección General | Biblioteca Pública San Carlos de Guaroa - Eduardo Carranza | Biblioteca Pública San Carlos de Guaroa - Eduardo Carranza | General | 05/16/2025 | 577.0914 L46d | SG03082 | 05/16/2025 | Ej.1 | 05/16/2025 | LIbro | ||||
| Dewey Decimal Classification | Colección General | Biblioteca Pública El Castillo - Alfonso Meneses | Biblioteca Pública El Castillo - Alfonso Meneses | General | 07/24/2023 | 577.0914 L46d | EC01105 | 07/24/2023 | Ej.1 | 07/24/2023 | LIbro | ||||
| Dewey Decimal Classification | Colección General | Biblioteca Pública Barranca de Upia - María Dolores Herrera | Biblioteca Pública Barranca de Upia - María Dolores Herrera | General | 08/06/2024 | 578.09 L46d | BUP01628 | 08/06/2024 | Ej.1 | 08/06/2024 | LIbro | ||||
| Dewey Decimal Classification | Colección General | Biblioteca Pública Guamal | Biblioteca Pública Guamal | General | 03/22/2023 | 577.0914 L46d | GUA002567 | 03/22/2023 | Ej.1 | 03/22/2023 | LIbro | ||||
| Dewey Decimal Classification | Colección General | Biblioteca Pública La Macarena | Biblioteca Pública La Macarena | General | 08/13/2025 | 5770914L46d | LM03006 | 08/13/2025 | Ej.1 | 08/13/2025 | LIbro | ||||
| Dewey Decimal Classification | Colección General | Biblioteca Pública Mapiripan | Biblioteca Pública Mapiripan | General | 12/27/2023 | 578.09 L46d | MAP0000659 | 12/27/2023 | Ej.1 | 12/27/2023 | LIbro | ||||
| Dewey Decimal Classification | Colección General | Biblioteca Pública Puerto Rico | Biblioteca Pública Puerto Rico | General | 02/06/2023 | 578.09 L46d | PR00000564 | 02/06/2023 | Ej.1 | 02/06/2023 | LIbro | ||||
| Dewey Decimal Classification | Colección General | Biblioteca Pública Uribe - Reinerio Arenas | Biblioteca Pública Uribe - Reinerio Arenas | General | 08/01/2024 | 578.09 L46d | URI00693 | 08/01/2024 | Ej.1 | 08/01/2024 | LIbro | ||||
| Dewey Decimal Classification | Colección General | Biblioteca Pública Vistahermosa | Biblioteca Pública Vistahermosa | General | 08/24/2023 | 577.0914 L46d | VIS00664 | 08/24/2023 | Ej.1 | 08/24/2023 | LIbro |